000 01831nam a2200361Ia 4500
001 ebr10367644
003 CaPaEBR
006 m u
007 cr cn|||||||||
008 100421r20091885mauabc s 001 0 eng d
020 _z9781582188416
040 _aCaPaEBR
_cCaPaEBR
035 _a(OCoLC)647881269
050 1 4 _aE475.V27
_bO44 2009eb
100 1 _aOldroyd, Osborn H.
_q(Osborn Hamiline),
_d1842-1930.
245 1 2 _aA soldier's story of the siege of Vicksburg from the diary of Osborn H.Oldroyd
_h[electronic resource] /
_cWith Confederate accounts from authentic sources, and an introduction by Brevet Maj.-Gen. M. F. Force.
260 _aScituate, MA :
_bDigital Scanning Inc. ;
_aSpringfield, Ill. :
_bs.n.,
_c2009, [c1885]
300 _aviii, 200 p. :
_bill., port., map.
500 _aIncludes index.
500 _a"Appendix J. Army Corps badges": p. 181-194.
500 _aRe-publication of the historical book in its original form.
533 _aElectronic reproduction.
_bPalo Alto, Calif. :
_cebrary,
_d2010.
_nAvailable via World Wide Web.
_nAccess may be limited to ebrary affiliated libraries.
600 1 0 _aOldroyd, Osborn H.
_q(Osborn Hamiline),
_d1842-1930
_vDiaries.
610 1 0 _aUnited States.
_bArmy.
_bOhio Infantry Regiment, 20th (1861-1865)
650 0 _aSoldiers
_zUnited States
_vDiaries.
651 0 _aVicksburg (Miss.)
_xHistory
_ySiege, 1863.
651 0 _aUnited States
_xHistory
_yCivil War, 1861-1865
_xRegimental histories.
651 0 _aOhio
_xHistory
_yCivil War, 1861-1865
_xRegimental histories.
651 0 _aUnited States
_xHistory
_yCivil War, 1861-1865
_vPersonal narratives.
655 7 _aElectronic books.
_2local
710 2 _aebrary, Inc.
856 4 0 _uhttp://site.ebrary.com/lib/rucke/Doc?id=10367644
_zAn electronic book accessible through the World Wide Web; click to view
999 _c108592
_d108592